Insurgent Hinduism; (Record no. 83310)

MARC details
000 -LEADER
fixed length control field 00647cam a22002411 4500
001 - CONTROL NUMBER
control field sa 68010067
003 - CONTROL NUMBER IDENTIFIER
control field DLC
005 - DATE AND TIME OF LATEST TRANSACTION
control field 20260227112549.0
008 - FIXED-LENGTH DATA ELEMENTS--GENERAL INFORMATION
fixed length control field 790924s1967 ii 000 0 eng
010 ## - LIBRARY OF CONGRESS CONTROL NUMBER
LC control number sa 68010067
040 ## - CATALOGING SOURCE
Original cataloging agency DLC
Transcribing agency DLC
Modifying agency DLC
043 ## - GEOGRAPHIC AREA CODE
Geographic area code a-ii---
050 00 - LIBRARY OF CONGRESS CALL NUMBER
Classification number BL1205
Item number .S55
082 00 - DEWEY DECIMAL CLASSIFICATION NUMBER
Classification number 294.5
100 1# - MAIN ENTRY--PERSONAL NAME
Personal name Sinha, Himmat Singh,
Dates associated with a name 1928-
245 10 - TITLE STATEMENT
Title Insurgent Hinduism;
Remainder of title counter attack
Statement of responsibility, etc. [by] Himmat Sinha.
260 ## - PUBLICATION, DISTRIBUTION, ETC.
Place of publication, distribution, etc. Kurukshetra
Date of publication, distribution, etc. [1967?]
300 ## - PHYSICAL DESCRIPTION
Extent 68 p.
Dimensions 23 cm.
500 ## - GENERAL NOTE
General note Cover title.
650 #0 - SUBJECT ADDED ENTRY--TOPICAL TERM
Topical term or geographic name entry element Hinduism
General subdivision History
Chronological subdivision 20th century.
650 #0 - SUBJECT ADDED ENTRY--TOPICAL TERM
Topical term or geographic name entry element Cattle
General subdivision Religious aspects.
650 #0 - SUBJECT ADDED ENTRY--TOPICAL TERM
Topical term or geographic name entry element Cattle
Geographic subdivision India.

No items available.

Powered by Koha